000 00279nam a22001217a 4500
008 170607b xxu||||| |||| 00| 0 eng d
041 _aeng
080 _a32
100 _a18
101 _aSHP
245 _aRRUSIA AT THE TWENTY FIRST CENTURY
_cBOILARD,S,D
942 _2udc
_cBK
999 _c16301
_d16301